| 000 | 00413 a2200169 4500 | ||
|---|---|---|---|
| 020 | _a9788132108924 | ||
| 024 | _a9788132108924 | ||
| 082 | _a658.3 | ||
| 090 |
_c7012 _d7012 |
||
| 100 | _aWilton,Nick | ||
| 245 |
_aAn Introduction to Human Resource Management. _cNick Wilton |
||
| 250 | _a1st. | ||
| 260 |
_aNew Delhi _bSAGE _c2011 |
||
| 300 | _a518p. | ||
| 500 | _aPaper Cover | ||
| 942 |
_aNBS _cBK _k658.3 WIL |
||
| 999 |
_c349346 _d349346 |
||